00410nam a2200145Ia 450000500170000000800410001702000230005804000140008104100080009508200160010310000220011924500370014126000450017830000410022320231017152407.0220726s9999 xx 000 0 und d a9781775610885qpbk ardac3228 2ZUL aZUL KF ZWAN aZWANE, KHANYISILE 0aNjengobaba: Ice-cream and sweets aCenturion:bQualibooks Publishing,c2011 a8 PagesbColour illustrationsc21 cm